000 00627cam a2200181 a 4500
020 _a9291152331
040 _cDLC
082 0 0 _a333 ICI 2000 C165 Or.
100 1 _aBlaikie, Piers M.
245 1 0 _aPolicy in high places :
_benvironment and development in the Himalayan Region /
260 _aKathmandu :
_bInternational Centre for Integrated Mountain Development,
_cc2000.
300 _a209 p. :
_bcol. ill., col. map ;
_c25 cm.
650 0 _aEconomic development
650 0 _aEnvironmental policy
700 1 _aSadeque, Syed Zahir.
710 2 _aInternational Centre for Integrated Mountain Development.
942 _cAEDBB
999 _c19311
_d19311